Consecuencias económicas de la automación (Registro nro. 5639)
[ vista simple ]
| 000 -LEADER | |
|---|---|
| fixed length control field | 01506 a2200205 4500 |
| 001 - CONTROL NUMBER | |
| control field | 54559 |
| 005 - DATE AND TIME OF LATEST TRANSACTION | |
| control field | 20260407155819.0 |
| 008 - FIXED-LENGTH DATA ELEMENTS--GENERAL INFORMATION | |
| fixed length control field | 260407a1961 arg spa d |
| 003 - CONTROL NUMBER IDENTIFIER | |
| control field | AR-UNSa-BCEJYS |
| 040 ## - CATALOGING SOURCE | |
| Original cataloging agency | AR-UNSa-BCEJYS |
| Language of cataloging | spa |
| Transcribing agency | AR-UNSa-BCEJYS |
| 080 ## - UNIVERSAL DECIMAL CLASSIFICATION NUMBER | |
| Universal Decimal Classification number | 658.011.56 |
| Common auxiliary subdivision | Automatización |
| 041 ## - LANGUAGE CODE | |
| Language code of text/sound track or separate title | spa |
| 100 1# - MAIN ENTRY--PERSONAL NAME | |
| Personal name | Einzig, Paul |
| 245 10 - TITLE STATEMENT | |
| Title | Consecuencias económicas de la automación |
| 264 #1 - PRODUCTION, PUBLICATION, DISTRIBUTION, MANUFACTURE, AND COPYRIGHT NOTICE | |
| Place of production, publication, distribution, manufacture | Buenos Aires : |
| Name of producer, publisher, distributor, manufacturer | TEA (Tipográfica Editora Argentina) |
| Date of production, publication, distribution, manufacture, or copyright notice | 1961 |
| 300 ## - PHYSICAL DESCRIPTION | |
| Extent | 294 p. |
| Dimensions | 21 cm. |
| 505 ## - FORMATTED CONTENTS NOTE | |
| Formatted contents note | 1. ¿Qué significa Automación? - 2. Avance tecnológico - 3. Los límites de la automación - 4. La economía de la automación - 5. Algunos problemas económicos prácticos - 6. Producción con un exceso de ocupación - 7. ¿La automación trerá desocupación? - 8. Producción expansiva - 9. ¿Deflación o inflación? - 10. El triángulo salarios-ganancias-precios - 11. Necesidades de capital - 12. ¿Dejaron de existir los ciclos económicos - 13. La política monetaria en la era de la automación - 14. Problemas de la balanza de pagos - 15. La amenaza de la escasez de materias primas - 16. Consideraciones en materia fiscal - 17. Políticas de salarios - 18. ¿Control o libertad? - 19. Consideraciones sociales - 20. Cómo afecta a los países subdesarrollados - 21. El impacto de la automación sobre la defensa nacional - 22. Ventajas de la automación - 23. Desventajas de la automación - 24. ¿Qué debe hacerse? |
| 590 ## - LOCAL NOTE (RLIN) | |
| Local note | niveau_biblio:m niveau_hierar:0 |
| 942 ## - ADDED ENTRY ELEMENTS (KOHA) | |
| Koha item type | |
| Withdrawn status | Lost status | Damaged status | Not for loan | Home library | Current library | Shelving location | Date acquired | Total checkouts | Full call number | Barcode | Date last seen | Price effective from | Koha item type |
|---|---|---|---|---|---|---|---|---|---|---|---|---|---|
| Biblioteca Prof. Eusebio Cleto del Rey | Biblioteca Prof. Eusebio Cleto del Rey | 07/04/2026 | 658.011.56 E35 | L23898 | 07/04/2026 | 07/04/2026 | Libro |